00000000nam##2200000za#4500
0019.631674
003CaOODSP
00520220505163028
007cr |||||||||||
008150407|2004||||xxc|||||o    f|0| 0 fre|d
020 |a0-662-78307-7
040 |aCaOODSP|bfre
043 |an-cn---
0861 |aH39-4/57-2003-1F-PDF
1102 |aAgence de santé publique du Canada.
24510|aÉvaluation de la fortification en acide folique des produits alimentaires pour la prévention primaire des anomalies du tube neural, 1997–2003 - sommaire |h[ressource électronique]
260 |aOttawa - Ontario : |bAgence de santé publique du Canada |c[2004?].
300 |a18p.|bfigures en couleur, références, tableaux
590 |a13-11-Supp|b2013-04-26
77508|tEvaluation of food fortification with folic acid for the primary prevention of neural tube defects, 1997 to 2003 - executive summary |w(CaOODSP)9.687213
85640|ahttp://publications.gc.ca|qPDF|s431 Ko|uhttps://publications.gc.ca/collections/collection_2013/aspc-phac/H39-457-2003-1-fra.pdf